L'art de la lecture / (Record no. 157462)

MARC details
000 -LEADER
campo de control de longitud fija 00985nam a2200253 i 4500
001 - NÚMERO DE CONTROL
campo de control 157462
003 - IDENTIFICADOR DE NÚMERO DE CONTROL
campo de control ES-MaACL
005 - FECHA Y HORA DE LA ÚLTIMA TRANSACCIÓN
campo de control 20250822051958.0
008 - DATOS DE LONGITUD FIJA--INFORMACIÓN GENERAL
campo de control de longitud fija 040810q18901900fr |||| | fre d
040 ## - FUENTE DE CATALOGACIÓN
Centro catalogador/agencia de origen CAM
Lengua de catalogación spa
Centro/agencia transcriptor CAM
100 1# - ENTRADA PRINCIPAL--NOMBRE DE PERSONA
Nombre de persona Legouvé, Ernest.
9 (RLIN) 71292
245 12 - MENCIÓN DEL TÍTULO
Título L'art de la lecture /
Mención de responsabilidad, etc. par Ernest Legouvé.
250 ## - MENCION DE EDICION
Mención de edición 18e éd. ; Nouvelle éd. rev. et augm. de deux chapitres a l'usage de l'enseignement secondaire.
260 ## - PUBLICACIÓN, DISTRIBUCIÓN, ETC.
Lugar de publicación, distribución, etc. Paris :
Nombre del editor, distribuidor, etc. J. Hetzel et cie,
Fecha de publicación, distribución, etc. [s.a.] (
Fabricante Typographie Lahure)
300 ## - DESCRIPCIÓN FÍSICA
Extensión 208 p. ;
Dimensiones 18 cm.
490 1# - MENCIÓN DE SERIE
Mención de serie Bibliothèque d'Education et de Récreation
595 ## -
-- Primera mención de ed. precede al tit.
596 ## - NOTA AL PIE DE IMPRENTA
NOTA AL PIE DE IMPRENTA Probablemente impreso en la última década del siglo XIX.
650 #7 - PUNTO DE ACCESO ADICIONAL DE MATERIA--TÉRMINO DE MATERIA
Término de materia o nombre geográfico como elemento de entrada Lectura oral
Fuente del encabezamiento o término embne
9 (RLIN) 159454
650 #4 - PUNTO DE ACCESO ADICIONAL DE MATERIA--TÉRMINO DE MATERIA
Término de materia o nombre geográfico como elemento de entrada Poesía-
Subdivisión general Lectura en público.
9 (RLIN) 159455
830 00 - PUNTO DE ACCESO ADICIONAL DE SERIE-TÍTULO UNIFORME
Título uniforme Bibliothèque d'éducation et de récréation
9 (RLIN) 188119
852 ## - LOCALIZACIÓN
Ubicación ES-MaACL
Número de control de estantería G-8812
Nota libre -- Enc. hol.
Holdings
Estatus retirado Estado de pérdida Estado de daño No para préstamo Biblioteca de origen Biblioteca actual Ubicación en estantería Fecha de adquisición Fuente de adquisición Total de préstamos Signatura topográfica completa Código de barras Visto por última vez Precio de reemplazo Tipo de ítem Koha
        Biblioteca del Ateneo de Madrid Biblioteca del Ateneo de Madrid Sala Pecera Planta 3 17/01/2008     G-8812 1164780 23/02/2023 23/02/2023 Libro impreso